000 00936nam a22002537a 4500
003 OSt
005 20250924121747.0
008 250923t |||a|||| |||| 00| 0 spa d
020 _a9789588471464
037 _bDonación
040 _aCO-JMCR
_bspa
_cCO-JMCR
_dCO-JMCR
_erda
041 0 _aspa
082 0 4 _a863.5
_bQ84a
_223
100 1 _aQuiroga, Horacio,
_d1878-1937.
_eautor.
_94855
245 1 0 _aAnaconda y otros cuentos /
_cHoracio Quiroga ; ilustraciones Iván A. Benavides Carmona ; introducción Julio Paredes.
250 _a1° edición.
264 _aBogotá :
_bAlcaldía Mayor de Bogotá,
_bInstituto distrital de las artes,
_c2011.
300 _a146 páginas :
_bilustraciones ;
_c16 cm.
650 2 4 _aCuentos.
_2JMCR
650 2 4 _aVida en la selva
_v Cuentos.
_2JMCR
_944327
650 2 4 _aAnimales
_vCuentos.
_2JMCR
_940589
700 1 _aBenavides Carmona, Ivan Andrés,
_d1990-
_eilustrador.
_944328
942 _2ddc
_cBK
999 _c31081
_d17465